000 00289nam a22001337a 4500
008 170516b xxu||||| |||| 00| 0 eng d
020 _a9780618183579
041 _aeng
080 _a94 (100)
100 _a16
101 _aSHH
245 _aWORLD HISTORY
_cMC NALLY. R
942 _2udc
_cBK
999 _c13378
_d13378